Word Ladder: Volleyball Quiz Stats

 Plays Quiz Updated Nov 2, 2018

Score 0/34 Timer 04:00
1 Play Today
Clue 4-Letter Word % Correct
Sound from a dogBARK
96.5%
Damage with fireBURN
95.9%
A place to make a withdrawalBANK
94.7%
Building on many a farmBARN
94.1%
Sound after drinking carbonationBURP
93.7%
Right's oppositeLEFT
93.5%
Went down, like the TitanicSANK
92.3%
Ash Wednesday starts itLENT
90.2%
Out of bounds marker•LINE•
89.9%
Fail to hitMISS
89.5%
Fish's breathing organGILL
89.1%
Tom Hanks' ForrestGUMP
88.7%
Take a very large sipGULP
88.5%
Sea birdGULL
87.9%
CrookedBENT
87.9%
Stool, chair or pew, e.g.SEAT
87.7%
Milton Bradley's 'The Game of ____'LIFE
87.6%
Clue 4-Letter Word % Correct
Outdoor court terrain•SAND•
87.3%
A cloud of vaporMIST
86.9%
Violation also known as a carry•LIFT•
86.8%
Will Ferrell's '___ of the Lost'LAND
86.6%
Glove for a catcherMITT
86.5%
Actress DianeLANE
86.2%
Court dividers•NETS•
85%
Hit immediately resulting in a point •KILL•
84%
Bagpiper's garb, perhapsKILT
84%
To pass a ball using locked forearms•BUMP•
82.6%
Meal in the armyMESS
82.4%
Poetry rhythmic unitBEAT
82.1%
Knight Rider self-aware vehicleK.I.T.T.
82%
Eliot the UntouchableNESS
79.9%
Passes that lead to spikes•SETS•
79.3%
The lair of a badgerSETT
72.6%
A key component of a spike•JUMP•
59.1%

Today's Daily Dose

You're not logged in!

Compare scores with friends on all Sporcle quizzes.
OR
Log In

Sporcle TV

Today on Sporcle TV


Watch our educational content, quiz creation guides, and fun videos on Sporcle TV.

Show Comments

Extras

Top Quizzes Today


Score Distribution

Your Account Isn't Verified!

In order to create a playlist on Sporcle, you need to verify the email address you used during registration. Go to your Sporcle Settings to finish the process.

Report this User

Report this user for behavior that violates our Community Guidelines.

Details: